Гербы всех стран мира - Statistics

General Stats
  • This quiz has been taken 8 times
  • The average score is 113 of 196
Answer Stats
Picture Answer % Correct
Аргентина
100%
Ангола
100%
Кения
83%
Филиппины
83%
Республика Корея
83%
Португалия
83%
Исландия
83%
Тунис
83%
Сербия
83%
Доминика
83%
Турция
83%
Беларусь
83%
Польша
83%
Мексика
83%
Испания
83%
Мальта
83%
Центрально-Африканская Республика
83%
Молдова
83%
Грузия
83%
Босния и Герцеговина
83%
Доминиканская Республика
83%
Либерия
83%
Ирак
83%
Тайвань
83%
Словакия
83%
Йемен
83%
Объединённые Арабские Эмираты
83%
Пакистан
83%
Словения
83%
Египет
83%
Россия
83%
Тувалу
67%
Судан
67%
Антигуа и Барбуда
67%
Федеративные Штаты Микронезии
67%
Эквадор
67%
Замбия
67%
Индия
67%
Монако
67%
Соединённые Штаты Америки
67%
Армения
67%
Мьянма
67%
Уругвай
67%
Алжир
67%
Эритрея
67%
Сальвадор
67%
Румыния
67%
Китай
67%
Непал
67%
Казахстан
67%
Науру
67%
Сирия
67%
Мавритания
67%
Восточный Тимор
67%
Эфиопия
67%
Мозамбик
67%
Израиль
67%
Колумбия
67%
Сингапур
67%
Иран
67%
Сомали
67%
Австрия
67%
Нигер
67%
Австралия
67%
Лаос
67%
Иордания
67%
Шри-Ланка
67%
Сан-Марино
67%
Бутан
67%
Венесуэла
67%
Кыргызстан
67%
Украина
67%
Парагвай
67%
Марокко
67%
Албания
67%
Мали
67%
Катар
67%
Руанда
67%
Швейцария
67%
Бразилия
67%
Гондурас
67%
Мальдивы
67%
Швеция
67%
Коста-Рика
67%
Чехия
67%
Бахрейн
67%
Норвегия
67%
Венгрия
67%
Узбекистан
67%
Косово
67%
Туркменистан
67%
Никарагуа
67%
Хорватия
67%
Вьетнам
67%
Боливия
67%
Германия
67%
Азербайджан
67%
Мадагаскар
67%
Буркина-Фасо
67%
Греция
67%
Финляндия
67%
Камерун
67%
Италия
67%
Великобритания
67%
Новая Зеландия
67%
Ливан
67%
Саудовская Аравия
50%
Белиз
50%
Сенегал
50%
Кипр
50%
Эсватини
50%
Куба
50%
Сан-Томе и Принсипи
50%
Оман
50%
Бельгия
50%
Канада
50%
Самоа
50%
Афганистан
50%
Панама
50%
Южный Судан
50%
Танзания
50%
Индонезия
50%
Япония
50%
Гаити
50%
Черногория
50%
Республика Конго
50%
Ямайка
50%
Чили
50%
Корейская Народно-Демократическая Республика
50%
Ватикан
50%
Андорра
50%
Нидерланды
50%
Болгария
50%
Кирибати
50%
Литва
50%
Таджикистан
50%
Того
50%
Франция
50%
Нигерия
50%
Коморские острова
50%
Эстония
50%
Монголия
50%
Лихтенштейн
50%
Кабо-Верде
50%
Перу
50%
Малайзия
50%
Кувейт
50%
Габон
33%
Джибути
33%
Малави
33%
Дания
33%
Ботсвана
33%
Южно-Африканская Республика
33%
Бурунди
33%
Сент-Люсия
33%
Сейшельские острова
33%
Бангладеш
33%
Гвинея
33%
Гана
33%
Ливия
33%
Северная Македония
33%
Фиджи
33%
Барбадос
33%
Чад
33%
Зимбабве
33%
Папуа-Новая Гвинея
33%
Камбоджа
33%
Сент-Винсент и Гренадины
33%
Соломоновы острова
33%
Намибия
33%
Маврикий
33%
Суринам
33%
Люксембург
33%
Маршалловы острова
33%
Тонга
33%
Бруней
33%
Гватемала
33%
Экваториальная Гвинея
33%
Бенин
33%
Сент-Китс и Невис
33%
Лесото
33%
Гамбия
33%
Вануату
33%
Латвия
33%
Гвинея-Бисау
33%
Гренада
33%
Гайана
33%
Багамские острова
33%
Ирландия
33%
Кот-д'Ивуар
33%
Тринидад и Тобаго
33%
Уганда
33%
Демократическая Республика Конго
33%
Палау
33%
Сьерра-Леоне
33%
Таиланд
33%
No matching quizzes found
Score Distribution
Percent of People with Each Score
Percentile by Number Answered
Your Score History
You have not taken this quiz